000
00407nam a2200133Ia 4500
008
100328s9999 xx 000 0 und d
082
_b
51084
100
_a
प्रभु मीना.
245
_a
दक्षिणरंग.
260
_b
मेहता पब्लिशिंग हाऊस
630
_a
दक्षिणरंग.
730
_a
दक्षिणरंग.
942
_c
BOOK
999
_c
538084
_d
538081